[Event "Tata Steel 2011 A"]
[Site "Wijk aan Zee NED"]
[Date "2011.01.26"]
[Round "10"]
[White "Carlsen, Magnus"]
[Black "Nepomniachtchi, Ian"]
[Result "0-1"]
[WhiteElo "2814"]
[BlackElo "2733"]
[EventDate "2011.01.26"]

1. e4 c5 2. Nf3 d6 3. d4 cxd4 4. Nxd4 Nf6 5. Nc3 a6 6. Be2 e5 7. Nb3 Be7 
8. O-O O-O 9. Kh1 Nc6 10. f4 b5 {now I am not sure if ...b4 is a real 
threat already, since after 11...b4 12.Nd5 Nxe4 13.Bf3 f5 Black must be 
careful about the long diagonal a8-h1 } 11. Be3 Bb7 12. a4 exf4 { now that
White has spent a tempo moving his Bc1-Bc3 Black releases the tension, by 
doing so he gain a nice outpost at e5 } 13. Rxf4 Ne5 {The main fight is 
going around d5 and e5 squares + Black has to care about d6 pawn while 
White has to defend e4 one, but also gives the d4 one. The same structure 
appeared in the game of match Karpov-Polugaevsky in 70s of the last 
century. What happens now in case White grabs the b5 pawn? Then Black 
would play ...Ng6 and e4 falls too. f2-f4 it's a typical idea in Sicilian 
and weakness of e4 as well.Instead of this White has a pressure on d and f
files. Another way of treating this kind of pawn-structure would have been
f2-f3, next Rf2, Bf1 and Rd2, but White must be sure that ...d6-d5 is 
impossible in this case. Looking at the time spent by the players we can 
make a conclusion that this position is better known for Nepomniachtchi, 
but we also have to note he is one of the most quick players in the world.
} 14. Qd4 Nc6 15. Qd2 Ne5 {not easy to deal with ...b4 now as after the 
jump Nd5 Nxd5 exd5 Bg5 would be quite good for Black. Nepomniachtchi can 
be satisfied with his opening, not to mention his half an hour time 
advantage. } 16. Qd4 Nc6 17. Qd2 Ne5 {It must be hard psychologically for 
Carlsen because he needs to win to be in contention for 1st. He is behind 
on the clock with no good alternative. } 18. axb5 {A brave decision by 
Carlsen! any options for Black now } 18. ... axb5 19. Re1 {Many options 
for Black now I like ...Ng6 and then ...Nxe4 then Black may hope to set 
the battery Qb7-Be4 and he could aslo dispose of ...Nh4 in some cases... *
} 19. ... Ng6 20. Rff1 b4 21. Nd5 Nxe4 {The choice of Nepomniachtchi is 
enough for a comfortable game apparently } ( 21. ... Nxd5 22. exd5 Bf6 =+ 
) 22. Nxe7+ Qxe7 23. Qxb4 Nh4 {...Ng3 may be a threat if 25.hxg3 Bxg2+ 
26.Kh2 Qxe3 or Bxf1. But since Carlsen will obvioulsy defend this g2 spot,
still Carlsen has taken some risks a perhaps for no good reason and he 
might have problems on the h1-a8 diagonal. Objectively White's prospects 
don't seem too great here even if he survives the assault. } 24. Bf3 Nxf3 
{ Now White doen't have a defender on light squares because Ian took the 
Bishop on f3. It's very unpleasant to play this position with White,no 
targets to attack + the h1-a8 diagonal is very weak } 25. gxf3 Qd7 26. Bf4
{GM Bauer: if Nepo has to find 26...Ra4 27.Qb6 g5 in order to retain his 
edge he may well fail } 26. ... Ra4 27. Qb6 Nf6 28. Qxd6 Qg4 29. Nd4 {Very
well calculated by Carlsen, impressive defense 29. ... Bxf3+ 30. Rxf3 Rxd4
31. Qxd4 Qxf3+ 32. Kg1 Qg4+ 33. Kh1 Qc8 34. c4 Rd8 35. Qc3 Qc6+ At the 
same time news is coming, Nakamura won his game against Vachier Lagrave, 
while Anand enjoys comfortable advantage against Shirov. Another 
continuation can be 29. ... Rxd4 30. Qxd4 Bxf3+ 31. Rxf3 Qxf3+ 32. Kg1 
Qg4+ 33. Kh1 Qc8 34. Qf2 Qb7+. The difference in the eval comes from 
Carlsen having 2 pawn islands and an open king. It is not easy task to 
coordinate the pieces in such situation, so far Carlsen is doing the best 
he can.} 29. ... Rxd4 ( 29. ... Bxf3+ 30. Rxf3 Rxd4 31. Qxd4 Qxf3+ 32. Kg1
Qg4+ 33. Kh1 Qc8 34. c4 Rd8 35. Qc3 Qc6+ ) 30. Qxd4 Bxf3+ 31. Rxf3 Qxf3+ 
32. Kg1 Qg4+ 33. Kh1 Qc8 D {Black has perpetual checks at f3 and g4. 
Should he try for more?

-------------

Yes, he deserves more i n view o f White's vulnerable king. It becomes 
much harder for White than for Black to find good moves after 1 â€¢ â€¢ 
â€¢ Qc8!, with ideas such as . . . Qb7+, . . . Rd8 and later . . .Ne4.


Nepomniachtchi plays for the victory! With the white king wide open he has
a perpetual in hand and is trying to find a winnning continuation. The 
issues are quite clear : without Queens White would just win, but given 
his naked King Magnus has to be cautious in the middlegame } 34. Qf2 Qb7+ 
35. Kg1 ( 35. Qg2 Qxb2 36. Be5 Re8?? 37. Rg1 +-- ) 35. ... Ne4 ( 35. ... 
Qxb2 36. Be5 Qb4 37. Bxf6 gxf6 38. Re3 Qd6 39. Qg3+ Qxg3+ 40. Rxg3+ Kh8 
41. Kf2 ) 36. Qd4 Re8 37. Re2 h6 {GM Bauer: Black plans ...Re6-g6, but 
obviously White can play Rg2 first, then an idea for Black is just to 
advance his kindside pawns } 38. h3 Re6 39. Kh2 {Following the same idea, 
Kh7, f5, or g5 are options. } 39. ... f5 { 40....Kh7 is my guess, in order
to avoid a Queens' swap after } 40. b4 {With just a few seconds on the 
clock Carlsen looks for drastic mesures. 40....Kh7 is my guess, in order 
to avoid a Queens' swap after40...g5 41.Qd8+ next 42.Qc7+. White's 
situation is delicate. True, he has a long-term (well, after 40 moves a 
middle-term) advantage, but the attack on his King is the dominant factor 
} 40. ... Kh7 {after a later ....g7-g5 White could only dream on Bc1-b2. 
since he would experience problems after Bc1 Qc7. All in all, I'd say 
Carlsen might hold with perfect play. *
} 41. Re3 {GMChristianBauer: although material is level Stockfish 
evaluates the position as clearly in Black's favour. JoonaKiiski: 
Stockfish sees that white's king is very exposed. I think that is the main
reason why it prefers black so strongly. } 41. ... Rg6 { Nepo doesn't want
to burn all the bridges yet and rather than ...g5 he goes for the less 
radical ...Rg6. The advantage of such an approach is that his own King 
remains safer. The drawback that Black may need his pawns for the assault 
in order to shake the Bf4 first, the enemy King then. } 42. Re2 Qb5 43. 
Re1 Rc6 { Chance for Carlsen to reduce the pressure and even to sacrifice 
R for N and pawn for activity. } 44. Rxe4 fxe4 45. Qxe4+ Rg6 46. Bg3 {the 
Rook is temporary pinned, probably h4 for White and h5 for Black will be 
inserted. White King is still in danger, but Black isn't entirely 
comfortable either. On various attempts to unpin the Rook, backrank checks
might follow. White can also think about carefully pushing the pawns, but 
the downside is that his Queen is confined to the b1=h7 diagonal for the 
time being. } 46. ... Qd7 47. h4 h5 {this seems winning for Black if he 
proceeds carefully. After the exchange of Queens the white passed pawns 
should be hard to push, so that Black would have time to advance with his 
King. FMGuntramHainke: The following could happen: Black exchanges queens,
wins both the b- and c-pawn and exchanges his g-pawn for the white h-pawn,
then we have the ending of Shirov-Grischchuk - RobertHoudart (Houdini 
programmer): if White can push the b-pawn to b6 and protect it with Bf2, 
it's difficult for Black to make progress. } 48. c4 {Carlsen with a little
over 1 min on the clock, Nepomniachtchi with more than 1 hour. } 48. ... 
Qd2+ 49. Kh3 Qc3 50. Qf4 Qxb4 51. Qf5 Qxc4 52. Qxh5+ Rh6 53. Qf3 Qe6+ 54. 
Kh2 Rf6 55. Qd3+ Rf5 56. Qc2 {In a blitz manner Carlsen keeps the status 
quo and avoids exchanges. } 56. ... Qd5 57. Bf2 Kh6 { Best option for 
Nepo, put the king into action. } 58. Be3+ Kg6 59. Bf2 Kf6 60. Bg3 {Rf1 
would be very useful for Black, but White can give many check on the 
c-file } 60. ... Rf1 61. Bf2 { Now the problem for White is that after Ra1
(idea Ra2), Qc3+ black has countercheck Qe5+, forcing the exchange of the 
Queens } 61. ... Rd1 {The threat is Rd2, so White has to move the Bishop 
(e3, e1), but Rd3! comes in, with idea Qe5+ and Qe4+ } 62. Qc3+ Qe5+ 63. 
Qxe5+ Kxe5 64. h5 {If White puts the Bishop on g5, Black will muscle his 
way to bring the King to g4 and Rook to h3 and then take on h4 - the pawn 
ending is winning in all lines thanks to the extra tempo from the g7-pawn.
} 64. ... Kf6 65. Bh4+ Kf5 66. Be7 Rd7 0-1

[Event "EU Ch women"]
[Site "Batumi GEO"]
[Date "2000.06.04"]
[Round "3.4"]
[White "Madl, Ildiko"]
[Black "Chiburdanidze, Maia"]
[Result "0-1"]
[WhiteElo "2408"]
[BlackElo "2545"]
[EventDate "2000.05.27"]
[PlyCount "52"]
[EventType "k.o."]
[EventRounds "5"]
[EventCountry "GEO"]
[Source "ChessBase"]
[SourceDate "2000.07.11"]
[WhiteTeamCountry "GER"]
[BlackTeamCountry "GER"]

1. e4 c5 2. Nf3 d6 3. d4 cxd4 4. Nxd4 Nf6 5. Nc3 Nc6 6. Bc4 e6 7. Be3 a6 
8. Bb3 Qc7 9. f4 Be7 10. Qf3 Nxd4 11. Bxd4 b5 12. e5 dxe5 13. fxe5 Bb7 14.
 Qg3 Ne4 15. Qxg7 O-O-O 16. Rf1 Rhg8 17. Qxf7 Rxg2 18. Qxe6+ Kb8 19. O-O-O
Bg5+ 20. Kb1 Nd2+ 21. Rxd2 Rxd2 22. Bb6 D {White has two pawns in return 
for the Exchange and his last move, 22. Bb6,
wins material.
As Black you see that 1 . .. Qxc3 leads to mate after 2 bxc3 Rd1 + 3 Rxd1
Rxd1+ 4 Kb2 Bc1 + and 5 . .. Ba3 .
But White can ignore the queen sacrifice and reply to 1 . . . Qxc3 with
2 Bxd8. What do you make of that?

-------------

Don 't give up on the idea. After} 22. ... Qxc3 23. Bxd8 {White's first 
rank is
still vulnerable and if you look hard you might find} 23. ... Qf3 24. Bc7+
Kxc7 25. Qf7+ Qxf7 26. Rxf7+ Rd7 0-1

[Event "Montecatini Terme"]
[Site "Montecatini Terme ITA"]
[Date "2000.07.29"]
[Round "2"]
[White "Lputian, Smbat G"]
[Black "Ivanchuk, Vassily"]
[Result "0-1"]
[WhiteElo "2598"]
[BlackElo "2719"]
[EventDate "2000.07.28"]
[Annotator "Horn,Pe"]
[EventType "tourn"]
[EventRounds "7"]
[EventCountry "ITA"]
[EventCategory "17"]
[Source "ChessBase"]
[SourceDate "2000.11.21"]

1. Nf3 d5 2. g3 g6 3. c4 c6 4. Qa4 d4 5. b4 ( 5. d3 Bg7 6. Bg2 e5 7. O-O 
Ne7 8. Nbd2 O-O 9. Qc2 a5 10. c5 Na6 11. Ne4 Be6 12. Nfd2 h6 13. Nc4 f5 
14. Ned2 Nd5 15. a3 Qe7 -/+ {Yermolinsky,A-Huzman,A/Pavlodar 1982} ) ( 5. 
Bg2 Bg7 6. O-O Nf6 ( 6. ... e5 7. e3 dxe3 8. dxe3 Nd7 9. Rd1 Nh6 10. e4 f6
11. c5 O-O 12. b4 += {Gutman,L-Boehm,J/Dortmund 1985} ) 7. d3 O-O 8. c5 
Ne8 9. Bf4 Nd7 10. Rc1 e5 11. Bg5 f6 12. Bd2 Qe7 {1/2-1/2 
Loginov,V-Sakaev,K/Elista 1996} ) 5. ... Nd7 N ( 5. ... Bg7 6. d3 e5 7. 
Nbd2 Ne7 8. Bg2 O-O 9. O-O Qc7 10. Bb2 Rd8 11. a3 h6 12. Qc2 a5 13. Nb3 a4
14. Nbd2 c5 15. Ne4 b6 {1/2-1/2 Nikolaidis,I-Kapnisis,S/ Korinthos 1999} )
6. Bb2 e5 7. e3 Bg7 {Ohne die Zugpaare Qa4/g3 gegen Nd7/c6 gibt es diese 
Stellung (ausgezeichnete Ergebnisse für Schwarz). Die Verstellung des 
Springerfeldes c6 freut Wei , aber seine dafür gewonnenen Züge können 
nicht beeindrucken.} 8. Bg2 ( {Kritisch ist} 8. exd4 e4 {Das ist die 
Standardreaktion bei dieser Zentrumskonstellation.} ( {Es kam aber auch} 
8. ... exd4 {in Frage, denn} 9. Nxd4? {ist nicht gut möglich:} ( 9. Bg2 
âŒ“ ) 9. ... Qe7+! 10. Be2 Bxd4 11. Bxd4 Qe4 12. Bxh8 Qxh1+ 13. Bf1 Ne5!? 
â†’ ) 9. Ng1 Ngf6 ( 9. ... Nb6 10. Qc2 ) 10. Qb3 {und im Unterschied zur 
oben angedeuteten Variante hat Schwarz ein echtes Bauernopfer gebracht.} )
8. ... Nh6 9. O-O ( 9. exd4 e4 ( 9. ... exd4 10. O-O ) 10. Ne5 Nb6 11. Qc2
f6 12. c5 fxe5 13. cxb6 Qxb6 14. O-O =, quiet ) 9. ... O-O 10. Na3 ( 10. 
exd4 e4 11. Ne1 Nb6 12. Qb3 Bxd4 =+ ) 10. ... a5! {Damit legt Ivanchuk die
Schwächen der wei en Stellung am Damenflügel blo .} 11. exd4 e4 ( 11. ... 
exd4 12. c5 ~ ) 12. Ne1 Nb6 13. Qb3 axb4 14. Qxb4 Na4 ( 14. ... Bxd4 15. 
Bxd4 Qxd4 16. Nec2 Qd8 17. Bxe4 ) 15. Bc3 D {Black has given up a pawn to 
force White's pieces to bad squares. The
natural move is 1 . . .Bxd4.
How good is that? What other moves should you consider? And which is
best?} 15. ... e3!! {Ich nehme an, solche Züge spielt Ivanchuk gerne.} ( 
15. ... Nf5 16. Nec2 Nxd4 17. Bxd4 Bxd4 18. Nxd4 Qxd4 =+ ) ( 15. ... c5! 
16. dxc5 Nxc3 17. dxc3 e3 18. fxe3 Qd2 =+ ) 16. fxe3 ( 16. dxe3? c5 17. 
Qb3 Nxc3 18. Qxc3 cxd4 -+ ) 16. ... c5 17. dxc5?! ( 17. Qb3! Nxc3 18. dxc3
cxd4 19. exd4 Bxd4+ 20. Kh1 Bg7 21. Nac2 =+ ) 17. ... Nxc3 18. dxc3 Qd2 
19. Nb5 Ng4 ( {Nach} 19. ... Qxe3+?! 20. Kh1 Ng4 {rettet Wei die Qualität 
mit} 21. Qb2 ~ ) 20. Nf3 ( {Lputian verspricht sich nichts vom Erhalt des 
Pe3 mit} 20. e4 {.Nach} 20. ... Qe3+ 21. Kh1 Nf2+ 22. Rxf2 Qxf2 23. a3 ~ {
z.B.:} 23. ... Rd8 ( 23. ... f5 {scheint nicht durchzuschlagen:} 24. e5 ) 
24. Nd6 Qd2 25. Rb1 =+ ) 20. ... Qxe3+ 21. Kh1 Nf2+ 22. Rxf2 Qxf2 23. a4? 
( {Mehr Widerstand versprach} 23. a3 -/+ ) 23. ... Bd7 24. Nc7?! {
Freundlicherweise erlaubt Lputian einen hübschen Schlu .} ( {Auch} 24. 
Nbd4 {rettet nicht mehr:} 24. ... Bc6 25. Nxc6 bxc6 -+ ) 24. ... Rxa4! ( 
24. ... Rxa4 25. Rxa4 Bh3 26. Bxh3 Qxf3+ 27. Kg1 Bxc3 -+ ) 0-1

[Event "Karseladze Memorial"]
[Site "Gori"]
[Date "1968.??.??"]
[Round "5"]
[White "Gurgenidze, Bukhuti"]
[Black "Tal, Mikhail"]
[Result "0-1"]
[WhiteElo "2528"]
[BlackElo "2688"]
[EventDate "1968.11.??"]
[PlyCount "46"]
[EventType "tourn"]
[EventRounds "11"]
[EventCountry "URS"]
[Source "ChessBase"]
[SourceDate "1999.07.01"]
[WhiteTeamCountry "ISL"]
[BlackTeamCountry "CUB"]

1. e4 c5 2. Nf3 d6 3. Bb5+ Bd7 4. Bxd7+ Qxd7 5. O-O Nf6 6. e5 dxe5 7. Nxe5
Qc8 8. c4 e6 9. Qa4+ Nbd7 10. d3 Bd6 11. Nxd7 Nxd7 12. Be3 O-O 13. Nd2 Qc7
14. h3 D {Black can try to rid himself of his slightly bad bishop with 1 .
. . ..Be5 and then
2 Rab1 Bd4. Is there anything better?

------------------

Black shouldn't try to equalize when he can be superior after} 14. ... f5 
{That stops Ne4, threatens . . . f4 and begins an initiative.
The game went} 15. Nf3 Ne5 16. Nxe5 Bxe5 {White tried for counterplay by 
going after the only target with} 17. Qb5 {But
he was lost after} 17. ... f4 18. Bxc5? Rf5! {threatening 6 . . . f3 as 
well as the win of
the White bishop thanks to a pin on the fourth rank.
For example} 19. f3 ( 19. Ba3 f3 20. g3 Bd4 ) 19. ... Bf6 20. d4 b6 21. 
Rae1 bxc5 22. Rxe6 Bxd4+ 23. Kh1 Rb8 0-1